<?xml version="1.0" encoding="UTF-8"?>
<record
    xmlns:xsi="http://www.w3.org/2001/XMLSchema-instance"
    xsi:schemaLocation="http://www.loc.gov/MARC21/slim http://www.loc.gov/standards/marcxml/schema/MARC21slim.xsd"
    xmlns="http://www.loc.gov/MARC21/slim">

  <leader>02410nam a2200301uu 4500</leader>
  <controlfield tag="001">1214682</controlfield>
  <controlfield tag="005">20260508070403.0</controlfield>
  <controlfield tag="007">cr|||||||</controlfield>
  <controlfield tag="008">100902e20100902                    spa  </controlfield>
  <datafield tag="035" ind1=" " ind2=" ">
    <subfield code="a">1214682</subfield>
  </datafield>
  <datafield tag="040" ind1=" " ind2=" ">
    <subfield code="c">comduadb</subfield>
  </datafield>
  <datafield tag="041" ind1=" " ind2=" ">
    <subfield code="a">spa</subfield>
  </datafield>
  <datafield tag="080" ind1=" " ind2=" ">
    <subfield code="a">PQU</subfield>
  </datafield>
  <datafield tag="100" ind1="1" ind2="0">
    <subfield code="a">Castrill&#xF3;n Madrigal, Nataly Johana</subfield>
    <subfield code="4">aut</subfield>
    <subfield code="e">aut</subfield>
    <subfield code="9">596627</subfield>
  </datafield>
  <datafield tag="245" ind1="1" ind2="0">
    <subfield code="a">Actuales de operaci&#xF3;n de la molienda en los molinos de bolas de Unimin-Prominerales</subfield>
  </datafield>
  <datafield tag="260" ind1=" " ind2=" ">
    <subfield code="a">Medell&#xED;n :</subfield>
    <subfield code="b">[sin publicador],</subfield>
    <subfield code="c">2010.</subfield>
  </datafield>
  <datafield tag="300" ind1=" " ind2=" ">
    <subfield code="a">89 p&#xE1;ginas</subfield>
  </datafield>
  <datafield tag="520" ind1="3" ind2=" ">
    <subfield code="a">El carbonato de calcio es un material empleado generalmente como relleno en diferentes procesos, como la industria del papel, pl&#xE1;stico, pintura, entre otros. Su funci&#xF3;n es aumentar el volumen y afectar otras propiedades, dependiendo de sus caracter&#xED;sticas. El tama&#xF1;o de part&#xED;cula es una de las principales variables que influye en la utilidad final del carbonato, su producci&#xF3;n a partir de la piedra caliza envuelve diferentes operaciones de manejo de s&#xF3;lidos, donde las etapas principales para el alcance de material fino o ultrafino son la molienda y la clasificaci&#xF3;n, caracterizando la molienda en la planta de Unimin- Prominerales Puerto Berrio. La molienda en la planta se lleva a cabo dentro de un circuito cerrado molienda - clasificaci&#xF3;n, la cual presenta comportamientos irregulares que generan la necesidad de estudio y an&#xE1;lisis de variables operacionales con el fin de alcanzar un desempe&#xF1;o m&#xE1;s controlado. El modelamiento del equipo y su funcionamiento se hizo en forma de caja negra, se realizaron estudios de granulometr&#xED;a de las corrientes de entrada, salida y retorno, adem&#xE1;s de un estudio al interior del equipo para obtener las distribuciones de tama&#xF1;o de part&#xED;cula y cuerpos moledores a lo largo de los dos molinos. Las pruebas a escala laboratorio fueron realizadas bajo condiciones de alimentaci&#xF3;n y tama&#xF1;o de bolas semejantes a los manejados a escala industrial, para as&#xED; obtener la velocidad espec&#xED;fica y regi&#xF3;n de fractura a las cuales se est&#xE1; trabajando.</subfield>
  </datafield>
  <datafield tag="650" ind1=" " ind2=" ">
    <subfield code="a">Molienda</subfield>
    <subfield code="9">71244</subfield>
  </datafield>
  <datafield tag="650" ind1=" " ind2=" ">
    <subfield code="a">Carbonato de calcio</subfield>
    <subfield code="9">23883</subfield>
  </datafield>
  <datafield tag="650" ind1=" " ind2=" ">
    <subfield code="a">Molinos</subfield>
    <subfield code="9">13794</subfield>
  </datafield>
  <datafield tag="700" ind1="1" ind2="0">
    <subfield code="a">Caicedo Realpe, Mar&#xED;a del Rosario</subfield>
    <subfield code="4">ths</subfield>
    <subfield code="e">ths</subfield>
    <subfield code="9">440072</subfield>
  </datafield>
  <datafield tag="700" ind1="1" ind2="0">
    <subfield code="a">Osorio Correa, Adriana Marcela</subfield>
    <subfield code="4">ths</subfield>
    <subfield code="e">ths</subfield>
    <subfield code="9">546884</subfield>
  </datafield>
  <datafield tag="700" ind1="1" ind2="0">
    <subfield code="a">Osorio Barrera, Yony Alberto</subfield>
    <subfield code="4">ths</subfield>
    <subfield code="e">ths</subfield>
    <subfield code="9">434616</subfield>
  </datafield>
  <datafield tag="942" ind1=" " ind2=" ">
    <subfield code="c">TESIS</subfield>
  </datafield>
  <datafield tag="999" ind1=" " ind2=" ">
    <subfield code="c">565201</subfield>
    <subfield code="d">565201</subfield>
  </datafield>
  <datafield tag="502" ind1=" " ind2=" ">
    <subfield code="b">178</subfield>
    <subfield code="c">17</subfield>
  </datafield>
  <datafield tag="526" ind1=" " ind2=" ">
    <subfield code="a">180</subfield>
  </datafield>
  <datafield tag="952" ind1=" " ind2=" ">
    <subfield code="0">0</subfield>
    <subfield code="1">0</subfield>
    <subfield code="4">0</subfield>
    <subfield code="7">0</subfield>
    <subfield code="8">TESELEC</subfield>
    <subfield code="a">CENDI</subfield>
    <subfield code="b">CENDI</subfield>
    <subfield code="d">2010-09-02</subfield>
    <subfield code="i">C1096914</subfield>
    <subfield code="l">0</subfield>
    <subfield code="o">PQU 06134</subfield>
    <subfield code="r">2023-04-30 00:00:00</subfield>
    <subfield code="t">1</subfield>
    <subfield code="w">2023-04-30</subfield>
    <subfield code="y">INTER</subfield>
    <subfield code="z">Acceso restringido.</subfield>
  </datafield>
</record>
